[Event "Charlotte Thanksgiving GM 2020"]
[Site "Charlotte"]
[Date "2020.11.26"]
[Round "2.5"]
[White "Jacobson, Brandon"]
[Black "Ostrovskiy, Aleksandr"]
[Result "1-0"]
[WhiteElo "2487"]
[BlackElo "2434"]
[Annotator "TA"]
[PlyCount "69"]
[EventDate "2020.11.26"]
[EventType "tourn"]
[EventCountry "USA"]
[SourceTitle "playchess.com"]
[Source "ChessBase"]
[SourceQuality "1"]

{[%evp 9,69,20,14,15,24,24,16,20,36,18,8,12,20,0,22,0,7,0,0,0,0,-1,0,0,10,-11,-8,-10,7,0,4,0,7,0,0,0,0,0,0,0,0,0,0,-27,-5,-6,0,-16,0,0,0,0,193,200,175,192,204,203,379,390,691,677]} 1. e4 c6 2. d4 d5 3. e5 c5 4. dxc5 e6 5. a3 Bxc5 6. Nf3 {B12: Caro-Kann: Advance Variation.} Ne7 7. Bd3 Ng6 8. O-O {The position is equal.} a6 9. Re1 Nc6 10. b4 Ba7 11. Bb2 {[#]} Bd7 $146 ({Predecessor:} 11... O-O 12. Nbd2 Qb6 13. Rf1 Nf4 14. Nb3 Nxd3 15. cxd3 Bd7 16. Nbd4 Ne7 17. Qd2 Rac8 {0-1 (48) Schitco,I (2467)-Grandelius,N (2662) chess.com INT 2020}) 12. Nbd2 Nf4 13. Nb3 Nxd3 14. cxd3 O-O 15. Rc1 Rc8 16. Qd2 h6 17. Nc5 Bxc5 18. Rxc5 b6 19. Rc2 Qc7 20. h4 Qb7 21. h5 Ne7 22. Rec1 Rxc2 23. Rxc2 Ba4 24. Rc1 Rc8 25. Rxc8+ Qxc8 26. Bd4 Qb7 27. g4 Nc6 28. Be3 d4 {[#]} 29. Bxh6 $1 {[%mdl 512]} gxh6 30. Qxh6 Bc2 $2 (30... Bb5 $11) 31. Qg5+ $18 Kf8 {[#]} 32. Ne1 $1 Qc7 33. Nxc2 Nxe5 $2 {[#]} (33... Qxe5 {was called for.} 34. Qh6+ Kg8) 34. Ne1 $1 ({Inferior is} 34. Nxd4 Qd6 $11) 34... Ke8 $2 (34... f5 35. Qf6+ Nf7 36. gxf5 Qe7 37. Qxe6 Qxe6 38. fxe6 Nd8) 35. h6 {Weighted Error Value: White=0.05/Black=0.38} 1-0

[Event "Charlotte Thanksgiving GM 2020"]
[Site "Charlotte"]
[Date "2020.11.27"]
[Round "3.1"]
[White "Hong, Andrew"]
[Black "Tokhirjonova, Gulrukhbegim"]
[Result "1-0"]
[WhiteElo "2449"]
[BlackElo "2378"]
[Annotator "TA"]
[PlyCount "93"]
[EventDate "2020.11.26"]
[EventType "tourn"]
[EventCountry "USA"]
[SourceTitle "playchess.com"]
[Source "ChessBase"]
[SourceQuality "1"]

{[%evp 11,93,28,30,12,14,8,35,41,41,41,41,41,41,43,43,43,43,43,39,32,34,26,22,23,34,34,34,14,34,31,38,32,49,40,37,0,25,18,27,27,30,22,24,22,23,21,29,20,82,64,103,95,172,165,256,267,257,264,342,491,487,477,475,402,447,455,393,340,831,829,1103,554,29982,29983,29983,29984,29984,29985,29979,348,29992,29993,29993,29994]} 1. c4 Nf6 2. Nf3 e6 3. g3 d5 4. d4 dxc4 5. Bg2 a6 6. O-O Nc6 7. Bg5 {E04: Open Catalan: 5 Nf3.} Be7 8. e3 Rb8 {Recently 8...0-0 got a lot of attention.} 9. Qc1 {White is slightly better.} Na5 10. Nbd2 O-O 11. Nxc4 Nxc4 12. Qxc4 Bd7 {[#] With the idea ...Bb5.} 13. Rfc1 $146 ({Predecessor:} 13. Rfd1 Bc6 14. Rac1 h6 15. Bxf6 Bxf6 16. Ne1 Bxg2 17. Nxg2 c6 18. Nf4 Qe7 19. b4 {½-½ (43) Sumets,A (2585)-Souleidis,G (2417) Llucmajor 2019}) 13... Bc6 14. Ne5 Bxg2 15. Kxg2 c6 16. Bxf6 Bxf6 17. Nd3 Re8 18. Rd1 g6 19. Rac1 Bg7 20. b4 h5 21. h4 Bf8 22. a4 Qd5+ 23. f3 Red8 24. Qc3 Bh6 25. Nc5 Re8 26. Rb1 Qd8 27. e4 Bf8 28. Rd2 Qc7 29. e5 Red8 (29... Be7 $11) 30. Ne4 $1 $16 {White stays focused until the end.} Be7 {[#]} 31. g4 $1 hxg4 ({Don't go for} 31... Bxh4 $2 32. g5 $18) (31... Kh7 $16 {was necessary.}) 32. fxg4 $18 f5 (32... Qb6 {was called for.} 33. h5 c5) 33. exf6 Qf4 {[#]} 34. Qf3 $1 {[%cal Rf3f4]} ({Not} 34. fxe7 Qxe4+ 35. Qf3 Qxf3+ 36. Kxf3 Re8 $16) 34... Bd6 35. Rf2 Qxf3+ 36. Rxf3 ({Weaker is} 36. Kxf3 Rd7 $18) 36... Bf8 37. f7+ Kh8 38. Ng5 Rxd4 39. Nxe6 Re4 $2 (39... Rxg4+ 40. Kh3 Re4) 40. Rf6 Rxg4+ 41. Kh3 Rxb4 42. Rxb4 Bxb4 43. Rxg6 {[%cal Rg6h6] KRB-KRN} Kh7 44. Rg7+ Kh8 45. Kg4 $2 (45. Rg5 {mates} Kh7 46. Kg4 Rf8 47. Nxf8+ Bxf8 48. Rg8 b5 49. Rxf8 Kg7 50. Rb8 Kxf7 51. h5) 45... Rd8 $2 (45... Rf8 $18 46. Kh5 Bc3) 46. Rg6 {[%cal Rg6h6]} Kh7 47. Kh5 {Weighted Error Value: White=0.36/Black=0.51} 1-0

[Event "Charlotte Thanksgiving GM 2020"]
[Site "Charlotte"]
[Date "2020.11.27"]
[Round "3.2"]
[White "Sheng, Joshua"]
[Black "Jacobson, Brandon"]
[Result "1/2-1/2"]
[WhiteElo "2474"]
[BlackElo "2487"]
[Annotator "TA"]
[PlyCount "87"]
[EventDate "2020.11.26"]
[EventType "tourn"]
[EventCountry "USA"]
[SourceTitle "playchess.com"]
[Source "ChessBase"]
[SourceQuality "1"]

{[%evp 23,87,50,59,35,35,37,58,58,51,10,35,34,48,30,58,63,62,32,38,43,96,95,126,119,169,61,64,65,77,31,29,36,50,49,49,36,61,0,0,0,0,0,0,0,59,71,152,151,150,149,135,146,138,144,141,56,56,0,0,0,0,0,0,0,0,0]} 1. e4 c5 2. Nf3 Nc6 3. d4 cxd4 4. Nxd4 Nf6 5. Nc3 d6 6. Bg5 e6 7. Qd2 a6 8. O-O-O Bd7 9. f4 Be7 10. Nf3 b5 11. Bxf6 gxf6 12. f5 Qb6 13. Qh6 {B69: Sicilian: Richter-Rauzer: 7...a6 8 0-0-0 Bd7 9 f4 Be7 10 Nf3 b5 11 Bxf6.} O-O-O 14. Qh5 Rdf8 15. Kb1 {White is slightly better.} Kb8 16. Bd3 Ne5 {[#]} 17. Rhe1 $146 ({Predecessor:} 17. Ne2 Rhg8 18. Ng3 Ng4 19. Rd2 Bc6 20. fxe6 fxe6 21. Qxh7 Bd8 22. Re1 Be8 23. Qh3 {0-1 (71) Zhu,J (2459)-Divya,D (2305) chess.com INT 2020}) 17... Qc5 18. Ne2 exf5 19. Nf4 Rc8 20. c3 Bd8 21. Nxe5 dxe5 (21... Qxe5 $14 22. g3 (22. Qxf7 Bc6 $14) 22... fxe4 23. Rxe4 (23. Bxe4 Qxh5 24. Nxh5 Bg4 $15 {[%mdl 64] Double Attack}) 23... Qxh5 24. Nxh5 Rc5) 22. Qxf7 $16 Bc6 23. Ne6 Qa7 24. Nxd8 ({White must play} 24. Qxa7+ $1 $18 Kxa7 25. exf5) 24... Rhxd8 $14 25. Qxf6 fxe4 26. Qxe5+ (26. Bc2 {feels hotter.} Rxd1+ 27. Rxd1 Qc5 28. a3 e3 29. Qg7) 26... Qc7 27. Qxc7+ Kxc7 28. Bc2 Rxd1+ 29. Bxd1 {[%mdl 4096] Endgame KRB-KRB} Rf8 30. Kc1 ({White should try} 30. Bc2 $1 $14) 30... Rf2 $11 31. Re2 Rf1 32. Kd2 {And now Bc2 would win.} Kd6 33. Bb3 Bd5 (33... h5 $11) 34. Re1 $14 Rf8 (34... Rf6 $142) 35. Bxd5 $16 Kxd5 {KR-KR} 36. Ke3 Ke5 {[#]} 37. Rd1 $1 Rg8 38. g3 h5 {[#]} 39. Rd4 (39. Rd7 $1 $16) 39... Rg4 $14 40. a4 (40. Kf2 $14) 40... h4 $11 {The position is equal.} 41. axb5 hxg3 42. hxg3 ({But not} 42. bxa6 $2 g2 $19) 42... Rxg3+ 43. Kf2 Rf3+ 44. Ke2 {Weighted Error Value: White=0.15/Black=0.17} 1/2-1/2

[Event "Charlotte Thanksgiving GM 2020"]
[Site "Charlotte"]
[Date "2020.11.27"]
[Round "3.3"]
[White "Dragun, Kamil"]
[Black "Gauri, Shankar"]
[Result "1-0"]
[WhiteElo "2565"]
[BlackElo "2356"]
[Annotator "TA"]
[PlyCount "99"]
[EventDate "2020.11.26"]
[EventType "tourn"]
[EventCountry "USA"]
[SourceTitle "playchess.com"]
[Source "ChessBase"]
[SourceQuality "1"]

{[%evp 10,99,-1,-3,15,1,16,0,0,-12,-14,0,0,0,6,0,-15,-13,-17,-10,0,-8,-14,-7,-4,-27,0,0,0,0,13,0,5,0,4,0,6,-24,45,42,107,39,54,53,55,61,47,41,106,112,81,100,135,140,146,135,165,160,164,155,223,199,264,243,350,293,341,324,350,287,286,277,270,287,319,303,295,297,594,586,590,580,728,727,3725,898,831,814,727,714,1028,995]} 1. d4 Nf6 2. c4 e6 3. Nc3 Bb4 4. e3 O-O 5. Bd2 d5 6. Nf3 Re8 {E51: Nimzo-Indian: Rubinstein: 4...0-0 5 Nf3 d5.} 7. Rc1 a6 8. a3 Bf8 {[#] The position is equal.} 9. Bd3 $146 ({Predecessor:} 9. Qc2 Nbd7 10. cxd5 exd5 11. Bd3 Bd6 12. O-O Nf8 13. h3 c6 14. Rfe1 Ng6 15. e4 dxe4 16. Nxe4 Nxe4 17. Bxe4 {0-1 (34) Cvitan,E (2175)-Worek,J (2314) Austria 2019}) 9... dxc4 10. Bxc4 c5 11. dxc5 Bxc5 12. O-O b5 13. Ba2 Nbd7 14. e4 Bb7 15. Qe2 Qb8 16. b4 Bd6 17. h3 Ne5 18. Nd4 {With the idea f4.} Ng6 19. Nb3 Rc8 20. Na5 Be5 21. Bb1 Bd4 22. Kh1 Qa7 23. a4 bxa4 (23... Bxc3 $11 24. Bxc3 bxa4) 24. Nxa4 $14 e5 {[#]} ({Black should try} 24... Nd7 $14) 25. Nc5 (25. Bd3 $1 $16) 25... Bc6 26. Bd3 {[%cal Rd3a6]} Bb5 27. Bxb5 axb5 28. Nab3 Qa2 {White stays focused until the end.} ({Better is} 28... Rd8 $14) 29. Nxd4 $16 exd4 30. Rfd1 Rab8 31. Qd3 Rd8 32. f4 Ne8 33. Qg3 Nf8 34. f5 Rbc8 (34... Ra8 $16 {keeps fighting.} 35. Bg5 f6) 35. Bf4 Kh8 (35... Ra8 {was worth a try.} 36. Qd3 Qf2) 36. Qd3 $18 Nf6 (36... Kg8 $142 37. Qxb5 Qf2) 37. Qxb5 Nh5 38. Bh2 Qf2 39. Qd3 Nf4 40. Bxf4 Qxf4 41. Rc4 h5 42. Rxd4 Rxd4 43. Qxd4 Nh7 $2 {[#]} (43... Rb8 44. Nd3 Qc7) 44. Qd7 $1 {White is clearly winning.} Rf8 45. b5 {[%cal Bb4b5,Bb5b6,Bb6b7][%mdl 32]} Ng5 46. Qd6 Nxh3 47. Qxf4 (47. Qxf8+ $142 Kh7 48. Rd8 Nf2+ 49. Kg1 Nh3+ 50. gxh3 Qe3+ 51. Kf1 Qc1+ 52. Ke2) 47... Nxf4 48. b6 Rb8 49. b7 Ne2 50. Rd7 {Weighted Error Value: White=0.09/Black=0.31} 1-0

[Event "Charlotte Thanksgiving GM 2020"]
[Site "Charlotte"]
[Date "2020.11.27"]
[Round "3.4"]
[White "Ringoir, Tanguy"]
[Black "Mishra, Abhimanyu"]
[Result "1/2-1/2"]
[WhiteElo "2484"]
[BlackElo "2338"]
[Annotator "TA"]
[PlyCount "37"]
[EventDate "2020.11.26"]
[EventType "tourn"]
[EventCountry "USA"]
[SourceTitle "playchess.com"]
[Source "ChessBase"]
[SourceQuality "1"]

{[%evp 16,37,15,22,25,24,6,6,24,14,20,16,49,29,16,11,22,20,25,-10,-6,-15,-22,-29]} 1. d4 Nf6 2. c4 g6 3. g3 Bg7 4. Bg2 d5 5. cxd5 Nxd5 6. Nf3 Nb6 7. O-O Nc6 8. e3 e5 9. Nc3 exd4 {D71: Fianchetto Grünfeld: 3 g3 d5 sidelines and 5 cxd5 (without Nf3).} 10. exd4 O-O 11. Bg5 f6 12. Qb3+ Kh8 13. Bf4 {[#]} Na5 $146 ({Predecessor:} 13... Ne7 14. Ne1 c6 15. Nc2 Bf5 16. Rfe1 g5 17. Bd2 Ned5 18. Ne3 Nxe3 19. Bxe3 Bg6 {1-0 (41) Miton,K (2596)-Ftacnik,L (2559) Prievidza 2009}) 14. Qd1 (14. Qb4 {with more complications.} Nc6 15. Qc5 Bg4 16. d5 Nd7 17. Qe3) 14... Be6 15. Re1 Bf7 16. b3 Nc6 17. Ne4 Nd5 18. Bd2 b6 19. a3 {Weighted Error Value: White=0.07/Black=0.05} 1/2-1/2

[Event "Charlotte Thanksgiving GM 2020"]
[Site "Charlotte"]
[Date "2020.11.27"]
[Round "3.5"]
[White "Ostrovskiy, Aleksandr"]
[Black "Balakrishnan, Praveen"]
[Result "0-1"]
[WhiteElo "2434"]
[BlackElo "2485"]
[Annotator "TA"]
[PlyCount "118"]
[EventDate "2020.11.26"]
[EventType "tourn"]
[EventCountry "USA"]
[SourceTitle "playchess.com"]
[Source "ChessBase"]
[SourceQuality "1"]

{[%evp 13,118,41,42,41,35,26,32,21,35,29,37,43,28,24,37,35,24,29,39,36,44,31,53,53,53,54,62,52,60,39,77,20,51,68,60,0,0,0,0,0,0,0,0,0,0,0,0,-19,-19,-19,-19,-39,-42,-45,-47,-61,-8,-15,-8,-150,-150,-154,-154,-159,-159,-159,-150,-156,-156,-212,-179,-168,-124,-107,0,-175,0,-216,-166,-253,-258,-233,-170,-681,-455,-673,-649,-685,-678,-649,-638,-1570,-1761,-1377,-960,-722,-608,-6011,-5923,-29977,-29978,-29977,-29980,-29980,-29981,-29980,-29981]} 1. e4 e5 2. Nf3 Nc6 3. Bc4 Nf6 4. d3 Be7 5. O-O O-O 6. Re1 d6 7. a4 Na5 8. Ba2 {C55: Two Knights: 4 d3, 4 d4 exd4 5 e5 and Max Lange Attack.} c5 9. c3 Nc6 10. Na3 {White is slightly better.} h6 11. h3 a6 12. Bd2 Rb8 13. Nc2 Be6 14. Bxe6 fxe6 15. Qe2 {[#]} b5 $146 ({Predecessor:} 15... Qd7 16. b4 cxb4 17. cxb4 b5 18. axb5 axb5 19. d4 Rfc8 20. Rac1 Bf8 21. dxe5 Nxe5 22. Nxe5 dxe5 {½-½ (36) Shaw,S (2315)-Steinkellner,P (2369) ICCF email 2016}) 16. axb5 axb5 17. b4 cxb4 18. Nxb4 Nxb4 19. cxb4 Qd7 20. d4 exd4 $1 21. Nxd4 Rfc8 22. e5 (22. Rec1 $16) 22... Nd5 23. exd6 Bf6 24. Qxe6+ (24. Qd3 $1 $14) 24... Qxe6 $11 25. Nxe6 {d7 is the strong threat.} Bxa1 26. d7 Rc2 {Hoping for ...Bf6.} 27. Rxa1 {aiming for Rd1.} Rxd2 28. d8=Q+ Rxd8 29. Nxd8 Nxb4 {[%mdl 4096] Endgame KRN-KRN} 30. Ra8 Nd3 31. Rb8 Rb2 32. Nc6+ Kh7 33. Nd4 b4 34. Rb7 Nxf2 (34... Kg6 $15) 35. Ne6 Kg6 36. Nf4+ (36. Nc5 $11) 36... Kf5 $17 37. Nd5 {[#]} Nd3 $1 38. Rxg7 b3 39. Rb7 Ke4 40. Nc3+ Kd4 41. Nb5+ (41. Na4 $17 Ra2 42. Rxb3 Rxa4 43. Rb8) 41... Kc4 42. Na3+ Kc3 {Threatens to win with ...Nc5.} 43. Nb5+ {[#]} Kc4 (43... Kd2 $1 $17 {And now ...Rb1+ would win.} 44. Na3 Kc3 45. Nb5+ Kc4 46. Na3+ Kd4) 44. Na3+ $1 $19 {White is now going downhill.} Kd4 45. Nb5+ $1 Kc5 {Strongly threatening ...Rb1+.} 46. Nc3 (46. Na3 $142) 46... Kc4 47. Ne4 Kd4 48. Nd6 $2 (48. Nd2) 48... Rb1+ 49. Kh2 {If only White now had time for Nb5+....} b2 50. Nb5+ Kc5 51. Nc3 Ra1 52. Rd7 Kc4 53. Ne4 Rd1 54. Rc7+ Kb3 55. Rb7+ Nb4 56. Nc5+ Kc4 {Black mates.} 57. Na6 b1=Q 58. Rxb4+ Qxb4 59. Nxb4 Kxb4 {Weighted Error Value: White=0.61/Black=0.26} 0-1

[Event "Charlotte Thanksgiving GM 2020"]
[Site "Charlotte"]
[Date "2020.11.27"]
[Round "4.1"]
[White "Tokhirjonova, Gulrukhbegim"]
[Black "Dragun, Kamil"]
[Result "0-1"]
[WhiteElo "2378"]
[BlackElo "2565"]
[Annotator "TA"]
[PlyCount "118"]
[EventDate "2020.11.26"]
[EventType "tourn"]
[EventCountry "USA"]
[SourceTitle "playchess.com"]
[Source "ChessBase"]
[SourceQuality "1"]

{[%evp 11,118,40,41,43,51,6,9,14,60,50,86,70,63,55,69,0,0,0,139,135,153,112,117,115,104,54,47,0,-3,-16,158,135,136,117,110,89,98,-32,86,87,107,100,102,93,153,83,83,79,66,81,81,38,30,45,24,37,38,47,42,40,80,-7,0,-56,7,0,8,-42,-43,-43,-41,-94,-84,-84,-119,-223,-229,-275,-268,-309,-301,-330,-334,-451,0,-195,0,-499,-434,-630,-568,-2186,-2158,-1966,-2004,-1395,-1466,-29970,-29973,-29970,-29972,-29965,-7134,-29985,-29986,-29986,-29983,-29997,-29997]} 1. e4 g6 2. d4 d6 3. Nc3 Bg7 4. Be3 a6 5. Qd2 Nd7 6. O-O-O b5 7. h4 {B06: Modern Defence.} h5 8. f3 Bb7 9. Nh3 {The position is equal.} Rc8 10. Ng5 Nb6 $5 {[%mdl 4] [#] Leaves trodden paths.} 11. a3 $146 ({Predecessor:} 11. Bd3 b4 12. Ne2 c5 13. dxc5 dxc5 14. Bxc5 Rxc5 15. Bb5+ Nd7 16. Bxd7+ Kf8 17. Nxf7 {1-0 (38) Huang,A (2263)-Delgado Romero,M (2236) Cochabamba 2019}) 11... e6 12. g4 Nf6 $1 13. Qg2 (13. Rg1 $14) 13... Qe7 $11 14. Qg3 d5 (14... hxg4 $11 15. fxg4 c5 16. dxc5 dxc5) 15. e5 $16 Nfd7 16. Bd3 Nc4 17. Bxc4 bxc4 18. Nh3 c5 19. Nf4 {Threatening gxh5.} hxg4 20. fxg4 {[#]} Bxe5 $2 (20... Nxe5 $1 $11 {[%mdl 512]} 21. h5 (21. dxe5 $2 d4 $19 {[%mdl 64] Double Attack}) 21... g5) 21. dxe5 {Hoping for Nh3.} d4 22. Rh2 dxc3 23. Ne2 cxb2+ 24. Kb1 (24. Kxb2 $16 f6 25. exf6 Nxf6 26. h5 gxh5 27. Bg5) 24... Nb6 (24... Qd8 $1 $15 25. Kxb2 Qb6+ 26. Ka1 Bf3 $1 {[%mdl 512]}) 25. Nc3 Bd5 26. Bg5 Qc7 ({Of course not} 26... Qb7 $6 27. h5 $11) 27. h5 gxh5 {[#]} ({Black should try} 27... Kd7) 28. gxh5 (28. Qf4 $142 $1) 28... Kd7 29. Qf4 Kc6 30. h6 Rh7 31. Rhd2 ({Much weaker is} 31. Nxd5 exd5 32. Qf6+ Kb7 $15) 31... f5 32. exf6 Qxf4 33. Bxf4 {Strongly threatening Re2.} Rf8 34. Bg5 Rg8 35. Rg1 Nd7 {[#]} 36. Kxb2 ({Better is} 36. Rdd1 $1 $16) 36... Nxf6 {White should prevent ...Rxh6!} 37. Rf2 ({White should play} 37. Rh2 $11) 37... Nd7 (37... Rb7+ $15 38. Kc1 Nh7 39. Nxd5 exd5) 38. Rff1 $11 Ne5 $36 {[%mdl 2048] Black has the initiative.} 39. Be3 Ng4 $1 {[%cal Rg4e3][%mdl 64] Double Attack} 40. Bd2 Nxh6 41. Nxd5 (41. Rxg8 $15 Nxg8 42. Rf8) 41... Rxg1 $17 42. Rxg1 {aiming for Nf4.} Kxd5 $15 {[%mdl 4096] Endgame KRB-KRN} 43. Rh1 (43. Bxh6 $17 Rxh6 44. Rd1+ Kc6 45. Kc3) 43... Rb7+ $19 44. Kc1 Nf5 45. Rh8 Nd4 46. Rd8+ Ke4 47. Rc8 Kd5 (47... Rd7 $142 {...c3! is the strong threat.} 48. Rxc5 Ne2+ 49. Kd1 c3 {[%mdl 64] Pin} 50. Kxe2 Rxd2+ {[%mdl 64] Double Attack} 51. Ke1 Rxc2) 48. Rd8+ $1 Ke4 $2 (48... Ke5 49. a4 Rh7) 49. Rc8 $1 Rd7 50. Ba5 {[#]} (50. Rxc5 $142 Ne2+ 51. Kd1) 50... c3 $1 {[%mdl 64] White must now prevent ...Ne2+. Decoy} 51. Bxc3 Ne2+ {[%mdl 64] Double Attack} 52. Kb2 Rb7+ 53. Bb4 cxb4 {KRN-KR} 54. Rc6 bxa3+ 55. Kxa3 Nd4 56. Rc8 e5 57. c4 Kd3 {Black mates.} 58. c5 Kc3 59. c6 Rb4 {Black used his chance.  Weighted Error Value: White=0.60/Black=0.25} 0-1

[Event "Charlotte Thanksgiving GM 2020"]
[Site "Charlotte"]
[Date "2020.11.27"]
[Round "4.2"]
[White "Mishra, Abhimanyu"]
[Black "Ostrovskiy, Aleksandr"]
[Result "1/2-1/2"]
[WhiteElo "2338"]
[BlackElo "2434"]
[Annotator "TA"]
[PlyCount "107"]
[EventDate "2020.11.26"]
[EventType "tourn"]
[EventCountry "USA"]
[SourceTitle "playchess.com"]
[Source "ChessBase"]
[SourceQuality "1"]

{[%evp 9,107,11,15,14,8,8,8,3,18,15,13,4,15,15,12,4,6,10,6,11,5,4,24,10,10,15,18,0,0,0,0,0,0,0,0,0,0,0,0,0,0,-5,-5,-5,-4,-6,0,0,0,0,0,-29,-29,-29,-33,-29,-32,-36,-13,-13,-13,-51,-27,-77,-80,-86,-52,-52,-52,-53,-53,-53,-53,-81,-125,-632,-632,-632,-632,-950,-624,-624,-400,-380,0,-1604,-1860,-4912,-1178,-2412,-1522,-5057,-4631,-4622,-4610,-1136,0,0,0,0]} 1. e4 c6 2. d4 d5 3. e5 c5 4. dxc5 e6 5. Be3 Nd7 6. Nf3 {B12: Caro-Kann: Advance Variation.} Bxc5 7. Bxc5 Nxc5 8. Qd4 Qb6 9. Nbd2 Ne7 10. Nb3 Nxb3 11. axb3 {Strongly threatening Qxb6.} Qxd4 12. Nxd4 Ng6 13. Nf3 f6 14. exf6 gxf6 15. g3 e5 16. Bg2 Be6 17. O-O {[#]} Kf7 $146 ({Predecessor:} 17... a6 18. Ne1 Kf7 19. Nd3 Rhc8 20. f4 exf4 21. c3 fxg3 22. hxg3 Rg8 23. Ra4 Rad8 24. Rd4 Ne7 25. Rdf4 Bf5 26. Rxf5 Nxf5 27. Rxf5 Rxg3 28. Nf4 {½-½ (28) Costa Trillo,V (2325)-Woodard,D (2404) ICCF email 2016}) 18. Ne1 a5 19. Nd3 Rhc8 20. f4 exf4 21. Rf2 fxg3 22. hxg3 Kg7 23. Raf1 Bg8 24. c3 Ra6 25. b4 axb4 26. Nxb4 Rd6 27. Nc2 Rb6 28. Ne3 Ne7 29. Rd2 (29. Re2 {seems wilder.} Rc5 30. Ng4 Rc7 31. Rf4 Ng6 32. Rff2) 29... Ra8 30. Nxd5 Nxd5 31. Bxd5 Bxd5 32. Rxd5 Rxb2 $11 {[%mdl 4096] Endgame Threatens to win with ...Raa2. KRR-KRR} 33. Rf2 Raa2 34. Rxb2 Rxb2 {KR-KR} 35. Rc5 Kg6 36. Kf1 f5 37. Rc7 h6 38. c4 $1 Kh5 39. Rg7 $1 b6 40. Kg1 Rb4 41. Rc7 Kg4 42. Rc6 $2 {[%mdl 8192]} (42. Rg7+ $17 Kf3 43. Rg6) 42... Kxg3 $19 {[%cal Rb4b1]} 43. Rg6+ Kf3 44. Rxh6 f4 45. Rf6 {If White can now play Kh2 this consolidates a bit.} Ke2 46. Re6+ Kf3 $2 (46... Kd3 $19 47. Rf6 Ke4) 47. Rc6 $2 {[%mdl 8192]} (47. Rf6 $11) 47... Rb1+ 48. Kh2 Kf2 49. c5 b5 $1 50. Rb6 f3 51. c6 {[#]} Rb4 $1 {[%cal Rb4h4]} 52. Kh3 {[#]} Ke3 $2 ({Black should try} 52... Kg1 $1 $19 {( -> ...f2)} 53. c7 Rc4 54. Rxb5 f2 55. Rg5+ Kh1) 53. c7 $1 $11 {[%cal Rc7c8]} Rc4 {aiming for ...f2.} (53... f2 $5 54. Re6+ $8 (54. Kg2 {gets mated.} Rg4+ 55. Kh3 Rf4 56. Kg3 f1=Q 57. Re6+ Kd4 58. Rd6+ Ke4 59. Re6+ Kf5 60. Rf6+ Kxf6 61. c8=Q Qf2+ 62. Kh3 Rh4#) 54... Kd4 55. Rd6+ (55. c8=Q {is a self mate.} f1=Q+ 56. Kh4 Kd5+ 57. Re4 Rxe4+ 58. Kh5 Qf7+ 59. Kg5 Qg7+ 60. Kh5 Re5+ 61. Kh4 Qg5+ 62. Kh3 Re3+ 63. Kh2 Qg3+ 64. Kh1 Re1#) 55... Ke5 $11) 54. Rxb5 {Weighted Error Value: White=0.50/Black=0.22} 1/2-1/2

[Event "Charlotte Thanksgiving GM 2020"]
[Site "Charlotte"]
[Date "2020.11.27"]
[Round "4.3"]
[White "Gauri, Shankar"]
[Black "Ringoir, Tanguy"]
[Result "1/2-1/2"]
[WhiteElo "2356"]
[BlackElo "2484"]
[Annotator "TA"]
[PlyCount "38"]
[EventDate "2020.11.26"]
[EventType "tourn"]
[EventCountry "USA"]
[SourceTitle "playchess.com"]
[Source "ChessBase"]
[SourceQuality "1"]

{[%evp 18,20,56,51,50]} 1. e4 c5 2. Nf3 Nc6 3. d4 cxd4 4. Nxd4 g6 5. c4 Nf6 6. Nc3 d6 7. Be2 Nxd4 8. Qxd4 Bg7 9. Be3 O-O 10. Qd2 Be6 {[#] 10...a5 is more fashionable. B36: Sicilian: Maroczy Bind: Gurgenidze System.} {Predecessor:} 11. f3 $146 Qa5 12. Nd5 Qxd2+ 13. Kxd2 Nxd5 14. cxd5 Bd7 15. Rac1 Rfc8 16. Rxc8+ Rxc8 17. Rc1 Rxc1 18. Kxc1 a6 19. Kc2 Kf8 {½-½ (30) Zhao,J (2627)-Ma,Q (2630) China 2019} 1/2-1/2

[Event "Charlotte Thanksgiving GM 2020"]
[Site "Charlotte"]
[Date "2020.11.27"]
[Round "4.4"]
[White "Jacobson, Brandon"]
[Black "Balakrishnan, Praveen"]
[Result "1-0"]
[WhiteElo "2487"]
[BlackElo "2485"]
[Annotator "TA"]
[PlyCount "81"]
[EventDate "2020.11.26"]
[EventType "tourn"]
[EventCountry "USA"]
[SourceTitle "playchess.com"]
[Source "ChessBase"]
[SourceQuality "1"]

{[%evp 14,81,0,0,0,0,4,0,-13,-13,0,-22,0,0,-13,-72,-53,-76,-68,-71,-51,-65,-58,-45,-35,-54,-29,-30,-38,-43,-38,-58,-42,-37,-37,-50,-65,-89,-106,-160,122,128,156,157,144,146,157,139,125,134,6383,6340,6311,6311,6279,6278,6178,6178,6178,5927,5322,5314,5314,5314,3086,3010,2335,1997,29985,2027]} 1. d4 Nf6 2. Nf3 d5 3. c4 e6 4. Nc3 Be7 5. g3 dxc4 6. Qa4+ Nbd7 7. Bg2 a6 8. Ne5 Rb8 {has lost popularity (8...c5). E02: Open Catalan: 5 Qa4+.} 9. Qxc4 b5 10. Qb3 {Black must now prevent Nc6.} Nxe5 {The position is equal.} 11. dxe5 Nd7 {[#]} 12. Be3 $146 ({Predecessor:} 12. O-O O-O 13. Rd1 Bb7 14. Bxb7 Rxb7 15. Ne4 Qc8 16. Bf4 Nc5 17. Nxc5 Bxc5 18. Rac1 {½-½ (39) Xu,J (2643)-Vallejo Pons,F (2635) Bled 2002}) 12... Bb7 13. Bxb7 Rxb7 14. O-O-O (14. O-O $11) 14... c5 $17 15. Ne4 O-O 16. Kb1 Qc7 17. f4 c4 18. Qc2 b4 19. Nd6 Bxd6 20. Rxd6 b3 $36 {[%mdl 2048] Black has good play.} 21. axb3 Rxb3 22. Bd4 Rfb8 {...c3 is the strong threat.} 23. Rc1 Qb7 24. Rd1 g6 25. e4 Rc8 {Threatens to win with ...c3.} 26. Ka2 (26. Bc3 $142 Nc5 27. Rd8+ Rxd8 28. Rxd8+ Kg7 29. Rd4) 26... Qb5 $2 (26... Nc5 $1 $17 {[%cal Rc5e4] and life is bright.} 27. Qxc4 Kg7) 27. Bc3 $1 $16 Nc5 28. Rd8+ $1 Rxd8 29. Rxd8+ Kg7 {And now ...Na4 would win.} 30. f5 $1 {[%cal Rf5f6] f6+ would kill now.} h6 {[#] Strongly threatening ...Na4.} 31. Qd2 $1 gxf5 $2 {[%mdl 8192] This costs Black the game.} ({Stronger than} 31... Nxe4 32. f6+ Nxf6 33. exf6+ Kh7 {[#]} 34. Rh8+ $1 {[%mdl 512]} Kxh8 35. Qxh6+ Kg8 36. Qg7#) (31... Kh7 $16 32. fxg6+ fxg6) 32. exf5 $18 {Threatening mate with f6+.} Nd3 33. f6+ Kg6 34. Rg8+ Kf5 35. g4+ Ke4 36. Qe2+ Kd5 37. Qf3+ Kc5 38. Rc8+ Kb6 39. Rb8+ {[%mdl 64] Skewer} Kc7 40. Rxb5 axb5 41. Qxd3 {Weighted Error Value: White=0.10/Black=0.48} (41. Ba5+ $142 Kb8 42. Qc6 Nb4+ 43. Bxb4 Rxb4 44. Qd6+ Ka8 45. Qxb4 Kb7 46. Qxb5+ Kc7 47. Kb1) 1-0